000 00320nam a2200133Ia 4500
005 20260328104308.0
008 260328s9999||||xx |||||||||||||| ||und||
100 _aUffelen Van, Chris
245 0 _aToy Design /
_cChris Uffelen Van
260 _bBraun
300 _a239 p.
650 _aDISEÑO INDUSTRIAL
942 _cBK
999 _c10840
_d10840